| 000 | 00498nam a22001817a 4500 | ||
|---|---|---|---|
| 003 | OSt | ||
| 005 | 20250326122629.0 | ||
| 008 | 250326s2011 ag ||||| |||| 00| f spa d | ||
| 020 | _a9789870421269 | ||
| 040 | _cbesoc | ||
| 100 | 1 |
_aCortázar, Julio, _d1914-1984 _eautor |
|
| 245 | 1 | 4 |
_aLos premios / _cJulio Cortázar |
| 260 |
_aBuenos Aires : _bAlfaguara, _c2011 |
||
| 300 | _a414 p. | ||
| 490 | 0 | _aBiblioteca Julio Cortázar | |
| 650 | 4 |
_aLiteratura argentina _vNovela _ySiglo XX |
|
| 942 |
_2udc _cOG _n0 |
||
| 999 |
_c455 _d455 |
||